| 000 | 00705cam a22002413a 4500 | ||
|---|---|---|---|
| 001 | 15570 | ||
| 003 | PGUSA | ||
| 005 | 20140828083331.0 | ||
| 008 | 050406s2005||||xxu|||||s|||||000 1 eng d | ||
| 040 |
_aPGUSA _beng |
||
| 042 | _adc | ||
| 050 | 4 | _aPS | |
| 100 | 1 |
_aGibbs, George, _d1870-1942 |
|
| 245 | 1 | 0 |
_aParadise Garden : _bThe Satirical Narrative of a Great Experiment _h[electronic resource] / _cGeorge Gibbs |
| 260 |
_bProject Gutenberg, _c2005 |
||
| 506 | _aPublic domain in the USA. | ||
| 516 | _aElectronic text | ||
| 653 | _aSatire | ||
| 653 | _aMan-woman relationships -- Fiction | ||
| 830 | 0 |
_aProject Gutenberg _v15570 |
|
| 856 | 4 | 0 | _uhttp://www.gutenberg.org/ebooks/15570 |
| 942 | _cEB | ||
| 999 |
_c244825 _d244825 |
||